| 000 | 00453nam a22001817a 4500 | ||
|---|---|---|---|
| 003 | MPLRDC | ||
| 005 | 20220104125446.0 | ||
| 008 | 210129b ||||| |||| 00| 0 eng d | ||
| 020 | _a986-6886-40-9 | ||
| 082 | _a563.5 BUF-3 | ||
| 100 | _a马丁.谷金 | ||
| 245 |
_a永恒的价值 _c |
||
| 250 | _a初版 | ||
| 260 |
_a台湾 _b红橘子文化事业有限公司 _c2007 |
||
| 300 | _b230 | ||
| 650 | _a投资与证劵 | ||
| 942 |
_cBK _o563.5 BUF-3 |
||
| 999 |
_c27525 _d27515 |
||